000 00734nam a2200217Ia 4500
003 GCL
008 140319s9999 xx 000 0 ara d
020 _a7615823977
040 _aGCL /
_cGCL
082 0 4 _a576.5
_bم ث
100 1 _aمحمد محمد كذلك
245 1 0 _aثورة الهندسة الوراثية والاستنساخ /
_cمحمد محمد كذلك
260 _aالقاهرة :
_bدار الامل للنشر والتوزيع ،
_c2000
300 _a175 ص ؛
_c24 سم
650 0 4 _aفسيولوجيا الوراثة
650 0 4 _aالهندسة الوراثية
650 0 4 _aالتغير البيولوجى
650 0 4 _aالوراثة - تجارب
650 0 4 _aالاستنساخ
942 _2ddc
_cBK
999 _c5998
_d5998